000
00192nam a2200085 4500
001
1258434
005
20260311105748.0
245
_a
BENİM RENKLİ YUMAĞIM
_c
YASEMİN ŞAHİN
260
_b
TÜBİTAK
999
_c
1258434
_d
1258434